Word Ladder: Cross My Heart Quiz Stats

 Plays Quiz Updated Feb 7, 2016

Challenge
Share
Tweet
Embed
Score 0/28 Timer 03:00
2 Plays Today
Hint 4-Letter Word % Correct
What vegetarians avoidMEAT
96.2%
Ditch around a castleMOAT
95.1%
InsectsBUGS
93.9%
Earth's centerCORE
93.7%
● Embraces ●● HUGS ●
93.7%
Road vehiclesCARS
93.4%
SacksBAGS
92.4%
● Strong affection ●● LOVE ●
92.3%
Show empathyCARE
92.3%
Very light rainMIST
92.2%
'Much' superlativeMOST
91.2%
Small sheltered bayCOVE
90.9%
Grand ____ or ____ dunkSLAM
90.6%
They can be made of chocolate or goldBARS
90.5%
Hint 4-Letter Word % Correct
Pull along the groundDRAG
88.7%
Billboard chart toppersHITS
88.3%
Small dwellingsHUTS
88.1%
Common molluskCLAM
85.5%
● Hershey's signature chocolate ●● KISS ●
84.8%
Disease-treating substanceDRUG
83.3%
Fence componentSLAT
82.4%
Location of government headquartersSEAT
82%
It's as good as a mileMISS
81.4%
Stuff to capacityCRAM
81.3%
Sets of tools or partsKITS
81.2%
Rough cliff faceCRAG
78.9%
● Correct or genuine ●● TRUE ●
74.7%
Shallow gardening basket (British)TRUG
65.5%

Today's Daily Dose

You're not logged in!

Compare scores with friends on all Sporcle quizzes.
OR
Log In

You Might Also Like...

Show Comments

Extras

Top Quizzes Today


Score Distribution

Your Account Isn't Verified!

In order to create a playlist on Sporcle, you need to verify the email address you used during registration. Go to your Sporcle Settings to finish the process.

Report this User

Report this user for behavior that violates our Community Guidelines.

Details: